Estado del arte de la domótica en el 2012 y sus avances en iluminación LED y alarmas inteligentes

Guardado en:
書目詳細資料
主要作者: Vargas Morales, Francisco Javier, 1989-
其他作者: Cascante Vindas, Jaime, 1978- Director de Proyecto Eléctrico
格式: 圖書
語言:Spanish
出版: [San José, Costa Rica] 2012
主題:
標簽: 添加標簽
沒有標簽, 成為第一個標記此記錄!

MARC

LEADER 00000nam a22000007a 4500
003 010842
005 20230905114258.0
008 151026b2012 c a|||| |||| 00| ||spa d
040 |c cru CEDI 
090 |a TFG 6664 
100 |9 1379  |a Vargas Morales, Francisco Javier, 1989- 
245 |a  Estado del arte de la domótica en el 2012 y sus avances en iluminación LED y alarmas inteligentes  
260 |a [San José, Costa Rica]  |c  2012 
300 |a  xiii, 202 páginas : ilustraciones (algunas a color) 
500 |a Proyecto de graduación (bachillerato en ingeniería)--Universidad de Costa Rica. Facultad de Ingeniería. Escuela de Ingeniería Eléctrica 
501 |a Profesora Guía de IE-0502 Proyecto Eléctrico: Dr. Jaime Cascante Vindas 
650 |x EDIFICIOS INTELIGENTES   |x SISTEMAS DE CONTROL DIGITAL  |x CONTROL AUTOMATICO   |x INNOVACIONES TECNOLOGICAS   |x SISTEMAS ELECTRONICOS DE ALARMA  |x AUTOMATIZACION  |9 1799 
700 |9 732  |a  Cascante Vindas, Jaime, 1978-  |d Director de Proyecto Eléctrico  
942 |c CEDI 
999 |c 14280  |d 14280